[Event "11. OSEM SH 2017"]
[Site "Büsum"]
[Date "2017.09.14"]
[Round "7.56"]
[White "Brandt, Fred"]
[Black "Kluger, Hans-Peter"]
[Result "0-1"]
[WhiteElo "1805"]
[BlackElo "1917"]
[PlyCount "120"]
[EventDate "2017.??.??"]
[WhiteTeam "Königsjäger Süd-West"]
[BlackTeam "SK Bad Harzburg"]

1. d4 d5 2. Nf3 Nf6 3. e3 Bf5 4. Bd3 Bxd3 5. Qxd3 Nbd7 6. Nbd2 e6 7. O-O Bd6 8.
e4 dxe4 9. Nxe4 Nxe4 10. Qxe4 c6 11. Bg5 Nf6 12. Qd3 O-O 13. Rad1 h6 14. Be3
Qc7 15. g3 Rad8 16. Qe2 Rfe8 17. c3 Qa5 18. Rfe1 a6 19. a3 Qc7 20. Qc2 Ng4 21.
Bc1 Qa5 22. h3 Nf6 23. Kg2 Qc7 24. Ne5 c5 25. Qe2 cxd4 26. cxd4 Nd5 27. Qg4 Nf6
28. Qf3 Be7 29. Qe2 Rc8 30. Be3 Qc2 31. Rd2 Qb3 32. Rd3 Qd5+ 33. f3 Rc7 34. Rc1
Rec8 35. Rxc7 Rxc7 36. Qd2 Bf8 37. Rc3 Qd8 38. Qc2 Nd5 39. Bd2 Nxc3 40. Bxc3
Qxd4 41. Qe2 Qd5 42. Ng4 Bd6 43. Nf2 f5 44. Nd1 Re7 45. Ne3 Qc5 46. Nc4 Bb8 47.
Ne3 f4 48. Nf5 Rf7 49. Nd4 Qd6 50. g4 Ba7 51. Nc2 Qd5 52. Nb4 Qc5 53. Qe1 Qc4
54. Nc2 Rd7 55. h4 Kf7 56. Qe5 Kg8 57. Qe1 a5 58. g5 hxg5 59. hxg5 Qd5 60. Qe2
Qxg5+ 0-1

[Event "11. OSEM SH 2017"]
[Site "Büsum"]
[Date "2017.09.14"]
[Round "7.57"]
[White "Hansch, Klaus-Michael"]
[Black "Lüders, Günter"]
[Result "1-0"]
[WhiteElo "1893"]
[BlackElo "1796"]
[PlyCount "122"]
[EventDate "2017.??.??"]
[WhiteTeam "SC Weisse Dame (Berlin)"]
[BlackTeam "TSV Benshausen"]

1. d4 d5 2. Nc3 Nf6 3. Bg5 Nbd7 4. e3 e6 5. e4 dxe4 6. Nxe4 Be7 7. Nxf6+ Nxf6
8. Nf3 O-O 9. Bd3 h6 10. Bh4 b6 11. O-O Bb7 12. Re1 c5 13. dxc5 Bxc5 14. Qe2
Be7 15. Rad1 Qc7 16. Bg3 Qc8 17. c3 Rd8 18. Nd4 Qc5 19. f3 Qc8 20. Bf2 Nd5 21.
Bb1 Nf6 22. Bh4 Ba6 23. Qc2 g6 24. Rxe6 Rxd4 25. Rxf6 Rxd1+ 26. Qxd1 Bxf6 27.
Bxf6 Qe6 28. Bd4 Qe2 29. Qxe2 Bxe2 30. Kf2 Ba6 31. b3 Re8 32. Be3 h5 33. h4 f5
34. c4 Kf7 35. Bd3 Ke6 36. g4 Rd8 37. Ke2 Bb7 38. gxh5 gxh5 39. Bc2 Rg8 40. Bg5
Rc8 41. Bf4 a6 42. Bd3 Bc6 43. a4 Bd7 44. Ke3 b5 45. cxb5 axb5 46. axb5 Rc3 47.
Kd4 Rxd3+ 48. Kxd3 Bxb5+ 49. Kd4 Bc6 50. Ke3 Kd5 51. Bh6 Ke6 52. Bg7 Kf7 53.
Be5 Kg6 54. f4 Kf7 55. Kd4 Ke6 56. Kc5 Kd7 57. b4 Ba8 58. b5 Kc8 59. b6 Be4 60.
Bc7 Bf3 61. Kd6 Bg2 1-0

[Event "11. OSEM SH 2017"]
[Site "Büsum"]
[Date "2017.09.14"]
[Round "7.58"]
[White "Steinke, Hans-Jörg"]
[Black "Klügel, Jan"]
[Result "1/2-1/2"]
[WhiteElo "1791"]
[BlackElo "1884"]
[PlyCount "180"]
[EventDate "2017.??.??"]
[WhiteTeam "SV Datteln"]
[BlackTeam "SV Rendsburg"]

1. d4 d5 2. c4 c6 3. Nc3 Nf6 4. Nf3 dxc4 5. a4 Bf5 6. e3 e6 7. Bxc4 Bb4 8. Bd2
a5 9. O-O h6 10. Qe2 O-O 11. Rfd1 Nbd7 12. Be1 Nb6 13. Bd3 Bxd3 14. Qxd3 Qe7
15. Ne4 Nbd5 16. Nxf6+ Qxf6 17. Bxb4 Nxb4 18. Qc3 Rfd8 19. Ne5 Qe7 20. Nd3 Nxd3
21. Rxd3 Qc7 22. g3 Rd7 23. Rc1 Rad8 24. f4 Kf8 25. b4 axb4 26. Qxb4+ Kg8 27.
Rb3 Ra8 28. Rc5 Ra7 29. a5 Qd8 30. Qb6 Qa8 31. Ra3 Ra6 32. Qb4 b6 33. Re5 Rd5
34. Rxd5 exd5 35. Rb3 bxa5 36. Qb8+ Qxb8 37. Rxb8+ Kh7 38. Rb3 Kg6 39. g4 h5
40. h3 hxg4 41. hxg4 f5 42. g5 a4 43. Ra3 Kh5 44. Kf2 Ra5 45. Kf3 Kg6 46. Ke2
Kh5 47. Kf3 Ra7 48. Kg3 Kg6 49. Kf3 Kf7 50. Ke2 Ke6 51. Kd3 Kd6 52. Kc2 c5 53.
dxc5+ Kxc5 54. Rc3+ Kb4 55. Rd3 Ra5 56. Kb2 a3+ 57. Ka2 Kc4 58. Rd4+ Kc3 59.
Rd1 g6 60. Rd4 Kc2 61. Ka1 Rc5 62. Ka2 Kc3 63. Rd1 Ra5 64. Rd4 Kc2 65. Ka1 Rb5
66. Ka2 Ra5 67. Ka1 Kb3 68. Rd3+ Kb4 69. Rd4+ Kc5 70. Ka2 Ra7 71. Rd3 Ra4 72.
Rc3+ Kb5 73. Rd3 Kc6 74. Rc3+ Kd6 75. Rd3 d4 76. exd4 Kd5 77. Rb3 Ra6 78. Re3
Kxd4 79. Re5 Kc4 80. Re1 Kb4 81. Rb1+ Ka4 82. Rb3 Re6 83. Rxa3+ Kb4 84. Ra8
Re2+ 85. Kb1 Re6 86. Kc2 Kc4 87. Kd2 Kd4 88. Ra4+ Kd5 89. Kd3 Rb6 90. Rd4+ Kc5
1/2-1/2

[Event "11. OSEM SH 2017"]
[Site "Büsum"]
[Date "2017.09.14"]
[Round "7.59"]
[White "Eberhardt, Michael"]
[Black "Nickel, Jürgen"]
[Result "1/2-1/2"]
[WhiteElo "1763"]
[BlackElo "1882"]
[PlyCount "162"]
[EventDate "2017.??.??"]
[WhiteTeam "SC Agon Neumünster"]
[BlackTeam "Flensburger SK"]

1. Nf3 Nf6 2. c4 g6 3. b4 Bg7 4. Bb2 O-O 5. g3 d6 6. Bg2 e5 7. d3 c6 8. O-O
Nbd7 9. Nbd2 Re8 10. Qc2 Nf8 11. Rfd1 Be6 12. Ng5 h6 13. Nxe6 Nxe6 14. e4 Nh5
15. Nf3 Ng5 16. Nxg5 Qxg5 17. Bc1 Qe7 18. Rb1 Rf8 19. Qe2 Kh7 20. Bb2 Rab8 21.
Rf1 Qe8 22. f4 exf4 23. Bxg7 Nxg7 24. Rxf4 f5 25. Qd2 g5 26. Rf2 fxe4 27. Bxe4+
Kg8 28. Rxf8+ Qxf8 29. Rf1 Qe7 30. Qf2 a6 31. Qf6 Qxf6 32. Rxf6 Rd8 33. Rxh6 d5
34. cxd5 cxd5 35. Bf3 Kf7 36. Rb6 Nf5 37. Rxb7+ Ke6 38. Bg4 Ke5 39. Bxf5 Kxf5
40. Re7 Rd6 41. d4 Kg4 42. Kg2 Rc6 43. h3+ Kh5 44. g4+ Kg6 45. Re2 Rc4 46. Rd2
Rxb4 47. Kg3 Ra4 48. Kf2 Ra3 49. Kg2 Ra4 50. Rc2 a5 51. Kf2 Rxd4 52. Ke3 Ra4
53. Kd3 Ra3+ 54. Kd4 Rxh3 55. Kxd5 Ra3 56. Rc6+ Kf7 57. Ke5 Rxa2 58. Kf5 a4 59.
Rc7+ Kf8 60. Kxg5 a3 61. Ra7 Ra1 62. Kg6 Rg1 63. g5 Rg3 64. Ra8+ Ke7 65. Kh6
Rh3+ 66. Kg7 Rg3 67. g6 Ke6 68. Ra6+ Ke7 69. Kh7 Rh3+ 70. Kg8 Rg3 71. g7 Ke8
72. Re6+ Kd7 73. Re2 Rb3 74. Ra2 Rf3 75. Ra1 Rg3 76. Rh1 Kc6 77. Kh7 Kb5 78.
g8=Q Rxg8 79. Kxg8 Ka4 80. Rh7 Kb3 81. Rb7+ Kc2 1/2-1/2

[Event "11. OSEM SH 2017"]
[Site "Büsum"]
[Date "2017.09.14"]
[Round "7.60"]
[White "Dachrodt, Heinz-Günther"]
[Black "Klüver, Horst"]
[Result "1/2-1/2"]
[WhiteElo "1734"]
[BlackElo "1867"]
[PlyCount "31"]
[EventDate "2017.??.??"]
[WhiteTeam "Sport Union Annen"]
[BlackTeam "Itzehoer SV"]

1. e4 e5 2. Nf3 Nc6 3. Bb5 Nd4 4. Nxd4 exd4 5. O-O c6 6. Bd3 d6 7. c3 Qb6 8.
Qb3 Qxb3 9. axb3 dxc3 10. bxc3 Nf6 11. Re1 Nd7 12. Bc2 Be7 13. d4 O-O 14. Bf4
f6 15. Nd2 Nb6 16. c4 1/2-1/2

[Event "11. OSEM SH 2017"]
[Site "Büsum"]
[Date "2017.09.14"]
[Round "7.62"]
[White "Alvarez, Luis"]
[Black "Jung, Michael"]
[Result "1/2-1/2"]
[WhiteElo "1849"]
[BlackElo "1794"]
[PlyCount "48"]
[EventDate "2017.??.??"]
[WhiteTeam "Zug um Zug Everswinkel"]
[BlackTeam "SV Osnabrück"]

1. e4 d5 2. exd5 Qxd5 3. Nc3 Qd8 4. d4 Bf5 5. Qf3 Bc8 6. Bc4 Nf6 7. Be3 c6 8.
h3 g6 9. g4 e6 10. O-O-O Nd5 11. Nxd5 cxd5 12. Bd3 a6 13. Qe2 b5 14. f4 Nc6 15.
Nf3 Nb4 16. a3 Nxd3+ 17. Rxd3 b4 18. axb4 Bxb4 19. Bd2 a5 20. Rb3 Ba6 21. Qe5
Bxd2+ 22. Kxd2 O-O 23. f5 exf5 24. gxf5 Re8 1/2-1/2

[Event "11. OSEM SH 2017"]
[Site "Büsum"]
[Date "2017.09.14"]
[Round "7.63"]
[White "Riha, Peter"]
[Black "Botvinnik, Alexey"]
[Result "1/2-1/2"]
[WhiteElo "1736"]
[BlackElo "1836"]
[PlyCount "33"]
[EventDate "2017.??.??"]
[WhiteTeam "Schleswiger SV"]
[BlackTeam "SG Porz"]

1. d4 Nf6 2. c4 d5 3. cxd5 Nxd5 4. e4 Nb6 5. Nf3 Bg4 6. Be2 e6 7. O-O Be7 8.
Be3 N8d7 9. Nc3 O-O 10. Rc1 c6 11. Nd2 Bxe2 12. Qxe2 Nf6 13. Rfd1 Bb4 14. a3
Bxc3 15. Rxc3 Nfd7 16. Nf3 h6 17. Qc2 1/2-1/2

[Event "11. OSEM SH 2017"]
[Site "Büsum"]
[Date "2017.09.14"]
[Round "7.64"]
[White "Kronseder, Michael"]
[Black "Kolkwitz, Klaus"]
[Result "1-0"]
[WhiteElo "1724"]
[BlackElo "1836"]
[PlyCount "91"]
[EventDate "2017.??.??"]
[WhiteTeam "SV Hürth-Berrenrath"]
[BlackTeam "ESV Eberswalde"]

1. e4 d6 2. d4 g6 3. f4 Nf6 4. Nc3 b6 5. Nf3 Bb7 6. Bd3 Bg7 7. Be3 Nc6 8. a3 e5
9. d5 Nb8 10. fxe5 Ng4 11. Bg5 f6 12. exf6 Bxf6 13. Bxf6 Qxf6 14. Qd2 Nd7 15.
O-O O-O 16. h3 Nge5 17. Ng5 Qe7 18. Ne6 Rxf1+ 19. Rxf1 Nc5 20. Nxc5 bxc5 21.
Nd1 a5 22. Ne3 a4 23. Rf4 Rf8 24. Rxf8+ Qxf8 25. Nc4 Qf6 26. Nxe5 Qxe5 27. c3
c6 28. dxc6 Bxc6 29. Bc4+ Kg7 30. Bd5 Bxd5 31. exd5 Qe4 32. Kf1 Kf6 33. Qf2+
Qf5 34. c4 Qxf2+ 35. Kxf2 Ke5 36. Ke3 g5 37. g3 Kf5 38. Kd3 Kf6 39. Ke4 Kg6 40.
b3 axb3 41. Kd3 Kf6 42. Kc3 Ke7 43. Kxb3 Kd7 44. Ka4 Kc7 45. Kb5 Kb7 46. a4 1-0

[Event "11. OSEM SH 2017"]
[Site "Büsum"]
[Date "2017.09.14"]
[Round "7.65"]
[White "Langmann, Claus"]
[Black "Johnen, Franz"]
[Result "1-0"]
[WhiteElo "1834"]
[BlackElo "1713"]
[PlyCount "115"]
[EventDate "2017.??.??"]
[WhiteTeam "Hamburger SK"]
[BlackTeam "SVG Alsdorf"]

1. d4 d5 2. Nf3 Nf6 3. e3 e6 4. Bd3 c5 5. b3 Nc6 6. Bb2 Be7 7. Nbd2 O-O 8. O-O
b6 9. Ne5 Bb7 10. f4 Rc8 11. a3 cxd4 12. exd4 Nd7 13. Nxd7 Qxd7 14. Nf3 f5 15.
Qe2 Bf6 16. Rae1 Rce8 17. b4 g6 18. b5 Nd8 19. a4 Kg7 20. Ba3 Rf7 21. Ne5 Bxe5
22. Qxe5+ Rf6 23. Qd6 Qxd6 24. Bxd6 Nf7 25. Be5 Nxe5 26. Rxe5 Rff8 27. Rfe1 Kf6
28. c4 Re7 29. c5 Rd8 30. c6 Bc8 31. a5 bxa5 32. Ra1 Rd6 33. Rxa5 a6 34. bxa6
Ra7 35. Bb5 Ke7 36. Re1 Kd8 37. Rea1 Kc7 38. Kf2 Rd8 39. h4 h6 40. Ke3 Rg8 41.
R5a3 g5 42. hxg5 hxg5 43. Rh1 gxf4+ 44. Kxf4 Rg4+ 45. Ke5 Re4+ 46. Kf6 f4 47.
Rb3 Kd6 48. Rh8 Ra8 49. Rbh3 Rxd4 50. Rd8+ Kc5 51. Rhh8 Kxb5 52. Rxc8 Rxa6 53.
c7 Kc5 54. Ra8 Rc6 55. c8=Q e5+ 56. Qxc6+ Kxc6 57. Rac8+ Kb7 58. Kxe5 1-0

[Event "11. OSEM SH 2017"]
[Site "Büsum"]
[Date "2017.09.14"]
[Round "7.66"]
[White "Möller, Bernd"]
[Black "Jünger, Leonhard"]
[Result "0-1"]
[WhiteElo "1717"]
[BlackElo "1833"]
[PlyCount "50"]
[EventDate "2017.??.??"]
[WhiteTeam "SV Bad Schwartau"]
[BlackTeam "Aachener SV"]

1. d4 d5 2. c4 e6 3. Nc3 c6 4. e3 f5 5. a3 Nf6 6. b4 Bd6 7. c5 Bc7 8. Be2 O-O
9. Nf3 Qe8 10. O-O Nbd7 11. Ne1 Ne4 12. Bb2 Rf6 13. f4 Rh6 14. Rf3 Ndf6 15.
Nxe4 Nxe4 16. Nd3 Qe7 17. Qe1 Kh8 18. Ne5 Bd7 19. Nxd7 Qxd7 20. Bd3 Nf6 21. h3
Rg8 22. Qf1 g5 23. g3 Qg7 24. Rf2 gxf4 25. Rf3 Ne4 0-1

[Event "11. OSEM SH 2017"]
[Site "Büsum"]
[Date "2017.09.14"]
[Round "7.67"]
[White "Welsch, Dieter Sen"]
[Black "Alicke, Manfred"]
[Result "1-0"]
[WhiteElo "1823"]
[BlackElo "1646"]
[PlyCount "58"]
[EventDate "2017.??.??"]
[WhiteTeam "SC Cochem"]
[BlackTeam "SV Grevenbroich"]

1. e4 c5 2. f4 e6 3. Nf3 Nc6 4. d4 cxd4 5. Nxd4 Nge7 6. c3 a6 7. Bd3 g6 8. O-O
Bg7 9. Be3 Qb6 10. Nf5 Bd4 11. Nd6+ Kf8 12. cxd4 Nxd4 13. Nc4 Qc5 14. b4 Qa7
15. Kh1 Nec6 16. e5 b6 17. Be4 b5 18. Nd6 Qc7 19. Bxd4 Bb7 20. Nxb7 Qxb7 21.
Bc5+ Kg8 22. Be7 Qc8 23. Bf6 Ra7 24. Nd2 Nxb4 25. Qb3 Nd5 26. Bxd5 exd5 27.
Qxd5 Rc7 28. Ne4 Qb7 29. Qxb7 Rxb7 1-0

[Event "11. OSEM SH 2017"]
[Site "Büsum"]
[Date "2017.09.14"]
[Round "7.68"]
[White "Narr, Irmgard"]
[Black "Merettig, Georg"]
[Result "0-1"]
[WhiteElo "1685"]
[BlackElo "1814"]
[PlyCount "96"]
[EventDate "2017.??.??"]
[WhiteTeam "SC Mühlhof-Reichelsdorf"]
[BlackTeam "SV Caissa Wolfenbüttel"]

1. e4 Nc6 2. Nf3 b6 3. Bc4 e6 4. d3 Na5 5. Nbd2 Bb7 6. O-O Nxc4 7. Nxc4 Nf6 8.
Bf4 d6 9. a3 Be7 10. b4 O-O 11. Re1 d5 12. exd5 Nxd5 13. Qd2 Nxf4 14. Qxf4 Bf6
15. Rad1 Rc8 16. d4 Be7 17. c3 b5 18. Nce5 Qd5 19. Rf1 Rcd8 20. Ra1 Bd6 21. Qe3
f6 22. Nd3 Rde8 23. Rfd1 Qh5 24. Nf4 Qg4 25. Ne2 e5 26. Ng3 e4 27. h3 Qe6 28.
Nd2 f5 29. Qg5 Rf6 30. Ndf1 h6 31. Qh5 a6 32. a4 f4 33. Ne2 Rf5 34. Qg4 h5 35.
Qh4 Be7 36. Nxf4 Bxh4 37. Nxe6 Bxf2+ 38. Kh1 Rxe6 39. axb5 e3 40. d5 Rd6 41.
Nxe3 Bxe3 42. Re1 Ba7 43. Re8+ Rf8 44. Re7 Rxd5 45. Rxc7 Bb8 46. Re7 Rd2 47.
Rg1 Rxg2 48. Rxg2 Rf1# 0-1

[Event "11. OSEM SH 2017"]
[Site "Büsum"]
[Date "2017.09.14"]
[Round "7.69"]
[White "Graffenberger, Wilhelm"]
[Black "Hadlich, Winfried"]
[Result "0-1"]
[WhiteElo "1651"]
[BlackElo "1869"]
[PlyCount "92"]
[EventDate "2017.??.??"]
[WhiteTeam "Hamburger SK"]
[BlackTeam "SV Holstein Quickborn"]

1. d4 Nf6 2. Nf3 d5 3. e3 Bf5 4. Bd3 Bxd3 5. Qxd3 c6 6. O-O e6 7. Nbd2 Bd6 8.
Re1 O-O 9. e4 dxe4 10. Nxe4 Nxe4 11. Rxe4 Be7 12. Qb3 b6 13. Rg4 Qd5 14. Qd3
Qf5 15. Qxf5 exf5 16. Rf4 g6 17. Ne5 f6 18. Nc4 Na6 19. Rf3 Rfe8 20. Bf4 Rad8
21. c3 g5 22. Bd2 f4 23. Re1 c5 24. dxc5 Nxc5 25. Bc1 Kf7 26. h3 h5 27. b4 g4
28. hxg4 hxg4 29. Rxf4 Nd3 30. Rd1 Nxf4 31. Rxd8 Rxd8 32. Bxf4 Rc8 33. Nd6+
Bxd6 34. Bxd6 Rxc3 35. Bb8 Ra3 36. f3 gxf3 37. gxf3 Rxa2 38. Bd6 Ke6 39. Bf8 f5
40. Kf1 Kd5 41. f4 a5 42. bxa5 bxa5 43. Bg7 a4 44. Be5 Ke4 45. Ke1 Rh2 46. Bd6
Rh4 0-1

[Event "11. OSEM SH 2017"]
[Site "Büsum"]
[Date "2017.09.14"]
[Round "7.70"]
[White "Krneta, Slavko"]
[Black "Möller, Peter"]
[Result "0-1"]
[WhiteElo "1810"]
[BlackElo "1672"]
[PlyCount "87"]
[EventDate "2017.??.??"]
[WhiteTeam "FG Wohlde"]
[BlackTeam "ASV Wismar"]

1. e4 c5 2. f4 d6 3. Nf3 Nc6 4. Bc4 e6 5. d3 Nf6 6. O-O Na5 7. Qe2 Be7 8. Kh1
Bd7 9. Bd2 b5 10. Bb3 Nxb3 11. axb3 a5 12. Nc3 O-O 13. Ra2 Qb8 14. Rfa1 b4 15.
Nd1 Bd8 16. Ne3 Bb5 17. g4 Nxe4 18. Qg2 Nxd2 19. Nxd2 Bb6 20. Nec4 Qc7 21. Qf2
Bc6+ 22. Kg1 Ra7 23. Nxb6 Qxb6 24. Nc4 Qc7 25. d4 d5 26. Ne5 cxd4 27. Qxd4 Bb5
28. g5 Rfa8 29. c3 bxc3 30. bxc3 Qe7 31. h4 Qe8 32. h5 Qe7 33. Kf2 f6 34. Ng4
fxg5 35. h6 Rf8 36. Qxg7+ Qxg7 37. hxg7 Rxf4+ 38. Kg3 Kxg7 39. Rxa5 Rxa5 40.
Rxa5 Be2 41. Ra7+ Rf7 42. Rxf7+ Kxf7 43. Ne5+ Ke7 44. Nc6+ 0-1

[Event "11. OSEM SH 2017"]
[Site "Büsum"]
[Date "2017.09.14"]
[Round "7.71"]
[White "Borries, Barbara"]
[Black "Ludwig, Richard"]
[Result "1-0"]
[WhiteElo "1790"]
[BlackElo "1662"]
[PlyCount "121"]
[EventDate "2017.??.??"]
[WhiteTeam "SC Taufkirchen"]
[BlackTeam "SV Irxleben"]

1. e4 Nf6 2. e5 Nd5 3. d4 d6 4. exd6 exd6 5. c4 Nf6 6. Nf3 Bg4 7. Be2 Be7 8. h3
Bd7 9. Nc3 O-O 10. Qd3 Qc8 11. Be3 Bf5 12. Qd2 Ne4 13. Nxe4 Bxe4 14. O-O Nd7
15. Rfd1 c5 16. d5 Qd8 17. Bf4 Bxf3 18. Bxf3 Nf6 19. Re1 Re8 20. Re3 Bf8 21.
Rae1 Rxe3 22. Rxe3 Qc7 23. Bg5 Nd7 24. Bd1 Ne5 25. b3 f6 26. Bh4 Qf7 27. Bg3
Re8 28. Bc2 g6 29. Qe2 Be7 30. f4 Nd7 31. f5 g5 32. Bxd6 Ne5 33. Bxe5 fxe5 34.
Rxe5 Kf8 35. Re6 Bf6 36. Rxe8+ Qxe8 37. Qxe8+ Kxe8 38. Kf2 Ke7 39. Kf3 Kd6 40.
Ke4 a5 41. a3 b6 42. a4 h5 43. Bd1 h4 44. Bc2 Be5 45. Kf3 Bf6 46. Kg4 Ke5 47.
Kh5 Kd6 48. Kg6 Ke5 49. d6 Bd8 50. d7 Kd6 51. f6 Kxd7 52. Kxg5 Ke6 53. Kxh4
Bxf6+ 54. Kg4 Kf7 55. h4 Kg7 56. h5 Kh6 57. Bg6 Bd8 58. Kf5 Kg7 59. g4 Kh6 60.
Ke6 Kg5 61. Bf5 1-0

[Event "11. OSEM SH 2017"]
[Site "Büsum"]
[Date "2017.09.14"]
[Round "7.72"]
[White "Hilbig, Klaus"]
[Black "Schwab, Wolfgang"]
[Result "0-1"]
[WhiteElo "1646"]
[BlackElo "1790"]
[PlyCount "56"]
[EventDate "2017.??.??"]
[WhiteTeam "Ahrensburger TSV"]
[BlackTeam "SV Turm Sankt Augustin"]

1. d4 c5 2. d5 d6 3. c4 e5 4. e4 Be7 5. Nf3 Bg4 6. Be2 Bxf3 7. Bxf3 Bg5 8. Nd2
Nh6 9. g3 Ng8 10. Bg2 g6 11. O-O Nf6 12. Qe2 O-O 13. h4 Bh6 14. Bf3 Kh8 15. Bg2
Qd7 16. f3 Nh5 17. Kh2 Qe7 18. Bh3 Nd7 19. a4 Ndf6 20. Ra3 Nxg3 21. Kxg3 Nh5+
22. Kh2 Bf4+ 23. Kg2 Qxh4 24. Qf2 Bg3 25. Qe3 Nf4+ 26. Kg1 Nxh3+ 27. Kg2 Nf4+
28. Qxf4 Qh2# 0-1

[Event "11. OSEM SH 2017"]
[Site "Büsum"]
[Date "2017.09.14"]
[Round "7.73"]
[White "Eschweiler, Gottfried"]
[Black "Gottschalk, Jürgen"]
[Result "1/2-1/2"]
[WhiteElo "1766"]
[BlackElo "1639"]
[PlyCount "112"]
[EventDate "2017.??.??"]
[WhiteTeam "Pulheimer SC"]
[BlackTeam "SV Parchim"]

1. e4 e5 2. Nf3 Nc6 3. Bb5 d6 4. O-O Bd7 5. c3 Nf6 6. d3 Be7 7. Nbd2 a6 8. Ba4
b5 9. Bb3 Be6 10. Bxe6 fxe6 11. a4 b4 12. a5 Qd7 13. Qa4 d5 14. Re1 Bd6 15. d4
dxe4 16. Nxe4 exd4 17. Nxf6+ gxf6 18. Nxd4 Nxd4 19. cxd4 Ke7 20. Qxd7+ Kxd7 21.
Bd2 Rab8 22. b3 Rb5 23. Re4 Rh5 24. g3 Rg8 25. Rae1 Re8 26. Ra1 c5 27. dxc5
Rxc5 28. Bxb4 Rd5 29. Bxd6 Kxd6 30. Rb4 Rc8 31. Re1 Rc6 32. Rb6 Rxa5 33. Rxc6+
Kxc6 34. Rxe6+ Kc5 35. Rxf6 Kb4 36. Rb6+ Kc5 37. b4+ Kxb6 38. bxa5+ Kxa5 39. f4
Kb5 40. f5 Kc6 41. g4 a5 42. g5 a4 43. g6 hxg6 44. fxg6 a3 45. g7 a2 46. g8=Q
a1=Q+ 47. Kf2 Qd4+ 48. Kf3 Qd5+ 49. Qxd5+ Kxd5 50. Kf4 Ke6 51. Kg5 Kf7 52. h4
Kg7 53. h5 Kh7 54. h6 Kh8 55. Kg6 Kg8 56. Kg5 Kh7 1/2-1/2

[Event "11. OSEM SH 2017"]
[Site "Büsum"]
[Date "2017.09.14"]
[Round "7.74"]
[White "Flockerzi, Armin"]
[Black "Rudolph, Karl-Heinz"]
[Result "1-0"]
[WhiteElo "1758"]
[BlackElo "1577"]
[PlyCount "101"]
[EventDate "2017.??.??"]
[WhiteTeam "VfR-SC Koblenz"]
[BlackTeam "SV Irxleben"]

1. Nf3 c5 2. c4 Nc6 3. g3 Nf6 4. b3 g6 5. Bb2 Bg7 6. Bg2 O-O 7. O-O d6 8. d3 e5
9. Nc3 Be6 10. Ng5 Rc8 11. e3 a6 12. Qd2 Qd7 13. Nxe6 fxe6 14. Bh3 Qf7 15. f3
Rc7 16. Ne2 d5 17. f4 e4 18. cxd5 exd5 19. Rac1 b6 20. Bg2 Qe6 21. Bxf6 Bxf6
22. dxe4 dxe4 23. Qc2 Re8 24. a3 Rd7 25. Rfd1 Nd4 26. exd4 cxd4 27. Qc4 d3 28.
Qxe6+ Rxe6 29. Bh3 Ree7 30. Bxd7 dxe2 31. Re1 Bd4+ 32. Kg2 Rxd7 33. Rxe2 Re7
34. Rc4 Bf6 35. Rexe4 Rxe4 36. Rxe4 Kf7 37. a4 a5 38. Kf3 Be7 39. g4 h6 40. h3
Bf6 41. Rc4 Be7 42. Ke4 Ke6 43. Rc6+ Kf7 44. Rxb6 Bb4 45. f5 gxf5+ 46. Kxf5 h5
47. gxh5 Kg7 48. h6+ Kh7 49. Rxb4 axb4 50. a5 Kxh6 51. a6 1-0

[Event "11. OSEM SH 2017"]
[Site "Büsum"]
[Date "2017.09.14"]
[Round "7.75"]
[White "Howe, Dietrich"]
[Black "Decho, Wilhelm"]
[Result "0-1"]
[WhiteElo "1471"]
[BlackElo "1750"]
[PlyCount "52"]
[EventDate "2017.??.??"]
[WhiteTeam "SK Kaltenkirchen"]
[BlackTeam "Vereinslos"]

1. e4 c5 2. Nc3 Nc6 3. f4 d6 4. Nf3 g6 5. Bc4 Bg7 6. O-O Nf6 7. d3 O-O 8. Qe1
a6 9. Nh4 e6 10. f5 b5 11. Bb3 Nd4 12. Qf2 b4 13. Ne2 Ng4 14. Qe1 Nxe2+ 15.
Qxe2 Qxh4 16. h3 Bd4+ 17. Kh1 Nf2+ 18. Rxf2 Qxf2 19. Qd1 exf5 20. Bd2 Bxb2 21.
Be1 Qf1+ 22. Kh2 Be5+ 23. g3 fxe4 24. dxe4 Qxh3+ 25. Kg1 Bd4+ 26. Bf2 Qxg3+ 0-1

[Event "11. OSEM SH 2017"]
[Site "Büsum"]
[Date "2017.09.14"]
[Round "7.76"]
[White "Ketelsen, Herbert"]
[Black "Westphal-Stubbe, Siegbert"]
[Result "1/2-1/2"]
[WhiteElo "1565"]
[BlackElo "1722"]
[PlyCount "54"]
[EventDate "2017.??.??"]
[WhiteTeam "SK Kaltenkirchen"]
[BlackTeam "SG Plöner See"]

1. e4 c5 2. Nf3 e6 3. b3 d6 4. Bb2 Nf6 5. d3 Nbd7 6. Be2 g6 7. O-O Bg7 8. Nbd2
a6 9. Rb1 O-O 10. Nc4 b5 11. Nxd6 Qc7 12. Nxc8 Raxc8 13. Re1 Rfd8 14. h3 Nb6
15. Qc1 Nbd7 16. Bf1 e5 17. Qe3 Nh5 18. Bc1 Nf4 19. Nh2 Bh6 20. Qf3 Bg7 21. Ng4
h5 22. Ne3 Nb6 23. g3 Ne6 24. h4 Nd4 25. Qd1 b4 26. Bg2 Qe7 27. Bb2 a5 1/2-1/2

[Event "11. OSEM SH 2017"]
[Site "Büsum"]
[Date "2017.09.14"]
[Round "7.77"]
[White "Cordsen, Heinrich"]
[Black "Girod, Gudrun"]
[Result "1/2-1/2"]
[WhiteElo "1722"]
[BlackElo "1546"]
[PlyCount "43"]
[EventDate "2017.??.??"]
[WhiteTeam "SK Union Oldenburg"]
[BlackTeam "Hannover 96"]

1. e4 e6 2. d4 d5 3. exd5 exd5 4. Bd3 Nf6 5. Bg5 Nbd7 6. Nf3 Be7 7. O-O O-O 8.
Re1 h6 9. Bh4 c5 10. c3 Re8 11. Nbd2 b6 12. Rc1 Bb7 13. Bb1 Qc7 14. Qc2 Bd6 15.
Bxf6 Nxf6 16. h3 Bf4 17. Rcd1 Bxd2 18. Qxd2 Ne4 19. Bxe4 dxe4 20. Ne5 f6 21.
Ng6 Rad8 22. Qf4 1/2-1/2

[Event "11. OSEM SH 2017"]
[Site "Büsum"]
[Date "2017.09.14"]
[Round "7.78"]
[White "Schröder, Harm"]
[Black "Hadlich, Carmen"]
[Result "1-0"]
[WhiteElo "1696"]
[BlackElo "1351"]
[PlyCount "57"]
[EventDate "2017.??.??"]
[WhiteTeam "SK Union Oldenburg"]
[BlackTeam "SV Holstein Quickborn"]

1. e4 c5 2. Nf3 Nc6 3. d4 cxd4 4. Nxd4 e5 5. Nb5 d6 6. N1c3 Nf6 7. Bg5 Be7 8.
Bxf6 gxf6 9. Nd5 Qa5+ 10. c3 Rb8 11. Nbc7+ Kf8 12. b4 Qa3 13. Nb5 Qb2 14. Be2
Be6 15. Nbc7 Bxd5 16. Nxd5 b5 17. O-O a5 18. a3 Ra8 19. Qd3 axb4 20. Rfb1 Qxa1
21. Rxa1 bxc3 22. Qxc3 Nd4 23. Bd1 Bd8 24. Qh3 Ne6 25. Qh6+ Ng7 26. Nxf6 Bxf6
27. Qxf6 Ra6 28. Be2 Rb6 29. Qd8+ 1-0

[Event "11. OSEM SH 2017"]
[Site "Büsum"]
[Date "2017.09.14"]
[Round "7.79"]
[White "Stratmann, Alois"]
[Black "Stratmann, Dietrich"]
[Result "1-0"]
[WhiteElo "1580"]
[BlackElo "1682"]
[PlyCount "97"]
[EventDate "2017.??.??"]
[WhiteTeam "SV Ahlen"]
[BlackTeam "SC Northeim"]

1. c4 Nf6 2. Nc3 d5 3. cxd5 Nxd5 4. Nf3 g6 5. g3 Bg7 6. Bg2 Nxc3 7. bxc3 O-O 8.
O-O c5 9. Bb2 Nc6 10. d4 cxd4 11. Nxd4 Nxd4 12. cxd4 Rb8 13. e3 b6 14. Qa4 Bb7
15. Bxb7 Rxb7 16. Rac1 b5 17. Qa6 Qb6 18. Qxb6 Rxb6 19. Rc7 Ra6 20. a3 Re8 21.
Rfc1 f5 22. Rd7 Bf6 23. Rcc7 Kf7 24. Rxa7 Rxa7 25. Rxa7 Rc8 26. Rb7 g5 27. Rxb5
Kg6 28. a4 h5 29. h3 h4 30. Kg2 Rc4 31. a5 hxg3 32. Kxg3 Rc2 33. a6 f4+ 34.
exf4 gxf4+ 35. Kxf4 Rc8 36. f3 Ra8 37. Rb6 Kf7 38. Ke4 Ra7 39. f4 Bg7 40. f5
Bf6 41. Ba3 Bh4 42. Bc5 Ra8 43. Rc6 Bf6 44. a7 Bh4 45. Rc7 Bf6 46. Rb7 Rd8 47.
Rb8 Rd7 48. a8=Q Ra7 49. Qd5+ 1-0

[Event "11. OSEM SH 2017"]
[Site "Büsum"]
[Date "2017.09.14"]
[Round "7.80"]
[White "Reichwald, Klaus"]
[Black "Petersen, Günter"]
[Result "1/2-1/2"]
[WhiteElo "1834"]
[BlackElo "1615"]
[PlyCount "34"]
[EventDate "2017.??.??"]
[WhiteTeam "SC Lohhof"]
[BlackTeam "Segeberger SF"]

1. e4 e5 2. Nf3 Nc6 3. Bb5 a6 4. Ba4 Nf6 5. d3 Be7 6. O-O O-O 7. c3 d6 8. h3 b5
9. Bc2 h6 10. Be3 d5 11. exd5 Nxd5 12. d4 exd4 13. Nxd4 Nxd4 14. Bxd4 Nf6 15.
Nd2 Bb7 16. Nf3 c5 17. Be3 Qxd1 1/2-1/2

[Event "11. OSEM SH 2017"]
[Site "Büsum"]
[Date "2017.09.14"]
[Round "7.81"]
[White "Gebuhr, Günter"]
[Black "Van Houten, Henk"]
[Result "1-0"]
[WhiteElo "1961"]
[BlackElo "1645"]
[PlyCount "61"]
[EventDate "2017.??.??"]
[WhiteTeam "SSV Weimar"]
[BlackTeam "SC Gronau"]

1. e4 d6 2. d4 g6 3. Nf3 Bg7 4. Be2 Nd7 5. O-O e6 6. Nc3 b6 7. Bf4 Bb7 8. Qd2
h6 9. Rad1 a6 10. h3 Qe7 11. Rfe1 O-O-O 12. d5 e5 13. Be3 f5 14. g3 fxe4 15.
Nxe4 Ngf6 16. Nxf6 Qxf6 17. Nh2 Qf7 18. Bg4 Kb8 19. Be6 Qe7 20. Ng4 g5 21. c4
Nc5 22. Bxc5 bxc5 23. b4 h5 24. Ne3 Qf6 25. bxc5 dxc5 26. Rb1 Rd6 27. Qa5 Rf8
28. Rf1 Rxe6 29. dxe6 Qf3 30. Nd5 Rc8 31. Qxa6 1-0